00399nam a2200085Ia 4500008004100000100002100041245014800062260007600210650002700286160725s9999 xx 000 0 und d aIgnacio, Aris E. 2aA verification of the student outcomes in the BSIT program using the implementation of the SISC alumni tracer for BSN as a basis of evaluation. bKaizen Research Journal College of Information TechnologycJanuary 2014 aINFORMATION TECHNOLOGY